000 00962nam a22002537a 4500
999 _c63968
_d63968
005 20240530110708.0
008 180121s2015 ua a g b 000 0dara d
017 _a2014/26156
_bمصر. دار الكتب
020 _a9789774313559
040 _aEG-CaGPL
_cEG-CaGPL
082 0 4 _221
_a174\
_bط أ
100 0 _aطارق عبدالرؤف عامر
245 1 0 _aاخلاقيات العمل والمهنة /
_cطارق عبدالرؤف عامر ، ايهاب عيسى المصرى .
250 _aط.1
260 _aالقاهرة :
_bمؤسسة طيبة للنشر والتوزيع،
_c2015 .
300 _a219 ص. ؛
_c24 سم.
504 _aببليوجرافية : ص 198 - 215
650 0 7 _2qrmak
_aالاخلاق المهنية
650 0 7 _2qrmak
_aالسلوك الاجتماعى
651 _2qrmak
700 0 _aايهاب عيسى المصرى
_eمؤلف مشارك
942 _2ddc
_cBK